| 000 | 00618nam a2200217 a 4500 | ||
|---|---|---|---|
| 001 | 31256 | ||
| 003 | BD-RjUL | ||
| 005 | 20211209051658.0 | ||
| 008 | 140413s1958 nyu 001 0 eng d | ||
| 035 | _a(BD-RjUL)31343 | ||
| 040 |
_aVLU _beng _cVLU _dBD-RjUL |
||
| 041 | _aeng | ||
| 082 | 0 | 0 |
_a191 _bRIA 1958 |
| 100 | 1 |
_aRiley, Isaac Woodbridge, _d1869-1933. _995116 |
|
| 245 | 1 | 0 |
_aAmerican philosophy : _bthe early schools / |
| 260 |
_aNew York : _bRussell & Russell, _c1958. |
||
| 300 |
_a595 p. ; _b22 cm. |
||
| 504 | _aIncludes bibliography and index. | ||
| 650 | 0 |
_aPhilosophy, American. _95487 |
|
| 942 |
_2ddc _cBK |
||
| 999 |
_c31256 _d31256 |
||